000 00440nam a2200133Ia 4500
003 LDD
008 190117s9999 xx 000 0 und d
020 _c₹75
040 _cLDD
041 _ahi
100 _aहरिमोहन
245 0 _aराजभाषा हिन्दी में वैज्ञानिक साहित्य के अनुवाद की दिशाएँ
_cहरिमोहन
942 _2ddc
_cH
999 _c174950
_d174950